Statistiques concernant Quiz sur la Syrie

Cliquez ici pour prendre le quiz!

Statistiques générales

  • Ce quiz a été pris 9 474 fois
  • Le résultat moyen est 12 sur 20

Statistiques - réponses

QuestionRéponse% Correct
Langue officielleArabe
97%
CapitaleDamas
92%
Nommez l'un des pays qui supportent ce dirigeant dans la guerre civile actuelleIran | Russie
86%
Pays européen qui avait un mandat sur la Syrie de 1924 à 1946France
84%
Mer qui borde la SyrieMer Méditerranée
84%
Pays avec lequel la Syrie partage sa plus longue frontière terrestreTurquie
83%
Empire qui controllait la Syrie de 1516 à 1918Empire Ottoman
82%
Plus long fleuve de Syrie, souvent associé au TigreEuphrate
74%
Ville la plus peuplée, notamment connue pour son savonAlep
67%
Dirigeant actuel de la Syrie, ayant succédé à son père en l'an 2000Bachar el-Assad
63%
Région arable du Proche-Orient, dont fait partie la Syrie, où l'agriculture serait née{Croissant} fertile
58%
Califat autoproclamé qui contrôlait une grande partie de la Syrie dans les années 2010État Islamique
53%
Pays avec lequel la Syrie formait la République Arabe Unie de 1958 à 1961Égypte
50%
Ancien empire de Mésopotamie qui a donné son nom à la SyrieAssyrie
41%
Région correspondant, en français, au Liban et à la SyrieLe L{evant}
40%
Territoire syrien occupé par Israël depuis la Guerre des Six-Jours en 1967Plateau du {Golan}
34%
Devise monétaireLivre
28%
Pays avec lequel la République Arabe Unie formait les États Arabes UnisYémen du Nord
26%
Parti politique de celui-ci, qui était aussi le parti de Saddam Hussein en IrakBaas
24%
Minorité chiite auquel celui-ci appartient, dont le nom signifie « descendant d'Ali »Alaouites
21%

Distribution des résultats

Percentile par nombre de réponses

% des personnes avec chaque résultat

Votre développement - résultats

Vous n’avez pas pris ce quiz